000 00406nam a22001337a 4500
999 _c8107
_d8108
008 190710b ||||| |||| 00| 0 eng d
082 _aPOL.SCI CAP NO.117
100 _aDolkar, Yangchen
245 _aImpact of mobile phone usage on the social life of Bhutanese school going children.
260 _aThimphu ;
_bRoyal Thimphu College,
_c2019.
300 _a22 p.
_c30 cm.
650 _aCapstone
942 _2ddc